Volume title (Record no. 123290)

MARC details
000 -LEADER
fixed length control field 00366nam a2200133Ia 4500
008 - FIXED-LENGTH DATA ELEMENTS--GENERAL INFORMATION
fixed length control field 211122s9999||||xx |||||||||||||| ||und||
082 ## - DEWEY DECIMAL CLASSIFICATION NUMBER
Classification number 300.05
Item number IMB-V
100 ## - MAIN ENTRY--PERSONAL NAME
Personal name Imbichikoya, E P
245 #0 - TITLE STATEMENT
Title Volume title
260 ## - PUBLICATION, DISTRIBUTION, ETC.
Name of publisher, distributor, etc. Farook College
Place of publication, distribution, etc. Kozhikode
Date of publication, distribution, etc. 2015
630 ## - SUBJECT ADDED ENTRY--UNIFORM TITLE
General subdivision Reference Reading Room
650 ## - SUBJECT ADDED ENTRY--TOPICAL TERM
Topical term or geographic name entry element Social Science
942 ## - ADDED ENTRY ELEMENTS (KOHA)
Koha item type BOOK
650 ## - SUBJECT ADDED ENTRY--TOPICAL TERM
Form subdivision Social ScienceGeneralia
Holdings
Withdrawn status Lost status Damaged status Not for loan Home library Current library Date acquired Cost, normal purchase price Total Checkouts Full call number Barcode Shelving location Date last seen Price effective from Koha item type
        SB LIBRARY SB LIBRARY 22/11/2021 100.00   300.05 IMB-V 00136910 REFERENCE READING ROOM 22/11/2021 22/11/2021 BOOK

Powered by Koha